What standards do we raise? (Record no. 34439)

MARC details
000 -LEADER
fixed length control field 00982cam a22002651 4500
001 - CONTROL NUMBER
control field hew63000111
003 - CONTROL NUMBER IDENTIFIER
control field DLC
005 - DATE AND TIME OF LATEST TRANSACTION
control field 20260227111512.0
008 - FIXED-LENGTH DATA ELEMENTS--GENERAL INFORMATION
fixed length control field 720106s1963 dcu b f000 0 eng c
010 ## - LIBRARY OF CONGRESS CONTROL NUMBER
LC control number hew63000111
035 ## - SYSTEM CONTROL NUMBER
System control number (OCoLC)191655
040 ## - CATALOGING SOURCE
Original cataloging agency U.S. Dept. of Health, Education, and Welfare. Library
Transcribing agency ODaWU
Modifying agency OCoLC
-- ISS
-- DLC
042 ## - AUTHENTICATION CODE
Authentication code premarc
050 00 - LIBRARY OF CONGRESS CALL NUMBER
Classification number LB2349
Item number .H3
086 0# - GOVERNMENT DOCUMENT CLASSIFICATION NUMBER
Classification number FS 5.250:53019
100 1# - MAIN ENTRY--PERSONAL NAME
Personal name Hatch, Winslow Roper,
Dates associated with a name 1908-
245 10 - TITLE STATEMENT
Title What standards do we raise?
260 ## - PUBLICATION, DISTRIBUTION, ETC.
Place of publication, distribution, etc. [Washington]
Name of publisher, distributor, etc. U.S. Dept. of Health, Education, and Welfare, Office of Educaion;
-- [for sale by the Superintendent of Documents, U.S. Govt. Print. Off.,
Date of publication, distribution, etc. 1963]
300 ## - PHYSICAL DESCRIPTION
Extent iv, 28 p.
Dimensions 24 cm.
410 10 - SERIES STATEMENT/ADDED ENTRY--CORPORATE NAME [OBSOLETE, CAN/MARC], [LOCAL, USA]
Corporate name or jurisdiction name as entry element United States.
Subordinate unit Office of Education.
-- Division of Higher Education.
Title of a work New dimensions in higher education,
Volume number/sequential designation no. 12
500 ## - GENERAL NOTE
General note "OE-53019."
504 ## - BIBLIOGRAPHY, ETC. NOTE
Bibliography, etc. note Includes bibliographies.
650 #0 - SUBJECT ADDED ENTRY--TOPICAL TERM
Topical term or geographic name entry element Education
General subdivision Standards.
650 #0 - SUBJECT ADDED ENTRY--TOPICAL TERM
Topical term or geographic name entry element Education, Higher.

No items available.

Powered by Koha